पंतप्रधान अटल बिहारी वाजपेयी-अध्यक्ष महोदय !. (Record no. 1311597)

MARC details
000 -LEADER
fixed length control field 01031nam a2200181Ia 4500
008 - FIXED-LENGTH DATA ELEMENTS--GENERAL INFORMATION
fixed length control field 151202s9999||||xx |||||||||||||| ||und||
082 ## - DEWEY DECIMAL CLASSIFICATION NUMBER
Item number PNVM-45646
100 ## - MAIN ENTRY--PERSONAL NAME
Personal name घटाटे ना.मा.अनु-खंडकर अविनाश.
245 ## - TITLE STATEMENT
Title पंतप्रधान अटल बिहारी वाजपेयी-अध्यक्ष महोदय !.
260 ## - PUBLICATION, DISTRIBUTION, ETC. (IMPRINT)
Name of publisher, distributor, etc "अक्षर जुळणी,नागपूर साहित्य प्रसार केंद्र,नागपूर."
260 ## - PUBLICATION, DISTRIBUTION, ETC. (IMPRINT)
Date of publication, distribution, etc 0
300 ## - PHYSICAL DESCRIPTION
Extent 192
600 ## - SUBJECT ADDED ENTRY--PERSONAL NAME
Personal name घटाटे ना.मा.अनु-खंडकर अविनाश.
630 ## - SUBJECT ADDED ENTRY--UNIFORM TITLE
Uniform title पंतप्रधान अटल बिहारी वाजपेयी-अध्यक्ष महोदय !.
700 ## - ADDED ENTRY--PERSONAL NAME
Personal name घटाटे ना.मा.अनु-खंडकर अविनाश.
730 ## - ADDED ENTRY--UNIFORM TITLE
Uniform title पंतप्रधान अटल बिहारी वाजपेयी-अध्यक्ष महोदय !.
942 ## - ADDED ENTRY ELEMENTS (KOHA)
Koha item type Book
Holdings
Withdrawn status Lost status Damaged status Not for loan Home library Current library Date acquired Cost, normal purchase price Total Checkouts Full call number Barcode Date last seen Cost, replacement price Price effective from Koha item type
        Pune Nagar Vachan Mandir, Pune Pune Nagar Vachan Mandir, Pune 06/21/2015 0.00   PNVM-45646 PNVM-45646 12/02/2015 0.00 12/02/2015 Book